书目信息

书名: 超市标准化营运管理第二册 生鲜管理
作者: 戴春华
出版信息: 广州   南方日报出版社  2002
开本页数: 23cm  295页
丛书名:
单 册:
中图分类: F717
科图分类:
主题词: 超市--商业管理--标准化管理 , 超市 , 商业管理 , 标准化管理
电子资源:
ISBN: 7-80652-167-4
000 00898nam0 2200277 450
001 442
005 20091114085853.0
010    @a7-80652-167-4@dCNY39.00
100    @a20021204d2002 em y0chiy0110 ea
101 @achi@eeng@deng
102    @aCN@b440000
105    @ay z 000yy
106    @ar
200 @a超市标准化营运管理@eC超市经营管理工作者实务手册@h第二册@i生鲜管理@@f戴春华著@Achao shi biao zhun hua ying yun guan li
210    @a广州@c南方日报出版社@d2002
215    @a295页@d23cm
330    @a本书全面论述了生鲜所有部门,包括蔬果、肉类、海鲜、面包、熟食等部门营运实务。
517 @aC超市经营管理工作者实务手册@AC chao shi jing ying guan li gong zuo zhe shi wu shou ce
606 @a超市@x商业管理@x标准化管理
606 @a超市
606 @a商业管理
606 @a标准化管理
690    @aF717@v4
701  0 @a戴春华@4著@Adai chun hua
801  0 @bBJHZTJ
905    @dF717@e41
    
    超市标准化营运管理:C超市经营管理工作者实务手册.第二册.生鲜管理/戴春华著.-广州:南方日报出版社,2002
    295页;23cm
    
    
    ISBN 7-80652-167-4:CNY39.00
    本书全面论述了生鲜所有部门,包括蔬果、肉类、海鲜、面包、熟食等部门营运实务。
相关链接 在五车中查询图书 在当当中查询图书 在豆瓣中查询图书


正题名:超市标准化营运管理     索取号:F717/41         预约/预借

序号 登录号 条形码 馆藏地/架位号 状态 备注
1 263727   300263727   海科密-1楼/31架13列4层/ [索取号:F717/41] 在馆    
2 263728   300263728   海科密-1楼/31架13列3层/ [索取号:F717/41] 在馆    
3 263729   300263729   海科密-1楼/31架13列3层/ [索取号:F717/41] 在馆    
4 263730   300263730   海科密-1楼/31架13列4层/ [索取号:F717/41] 在馆    
5 263731   300263731   海科密-1楼/31架13列4层/ [索取号:F717/41] 在馆    
6 263732   300263732   海科密-1楼/31架13列4层/ [索取号:F717/41] 在馆    
7 263733   300263733   海科密-1楼/32架1列6层/ [索取号:F717/41] 在馆    
8 263734   300263734   海科密-1楼/32架1列7层/ [索取号:F717/41] 在馆    
9 263735   300263735   海科密-1楼/32架1列7层/ [索取号:F717/41] 在馆    
10 263736   300263736   海科密-1楼/32架1列3层/ [索取号:F717/41] 在馆